Parní lokomotivy : 1. [díl] /
Uložené v:
| Hlavný autor: | |
|---|---|
| Médium: | Kniha |
| Jazyk: | Czech |
| Vydané: |
Praha :
Státní nakladatelství technické literatury,
1954
|
| Vydanie: | Dotisk, (v SNTL 1. vyd.) |
| Edícia: | Učební texty vysokých škol
|
| ISBN: |
(brož.) |
| Fyzický popis: |
187 s. ; 4°. |
| Tagy: |
Pridať tag
Žiadne tagy, Buďte prvý kto otaguje tento záznam!
|
Titul je dostupný aj v ... 

MARC
| LEADER | 00000nam a22000001 4500 | ||
|---|---|---|---|
| 001 | 000140586 | ||
| 005 | 20101021192737.0 | ||
| 008 | 980723s1954 xr cze d | ||
| 020 | |a (brož.) | ||
| 040 | |a SVKKK |b slo |c SVKKK |e AACR2 | ||
| 041 | 0 | |a cze | |
| 044 | |a xr |c CZ | ||
| 100 | 1 | |a Židlický, Josef, |d zomr. 1964 |4 aut | |
| 245 | 1 | 0 | |a Parní lokomotivy : |n 1. [díl] / |c Josef Židlický. |
| 250 | |a Dotisk, (v SNTL 1. vyd.) | ||
| 260 | |a Praha : |b Státní nakladatelství technické literatury, |c 1954 |f (Praž. tisk. 06) | ||
| 300 | |a 187 s. ; |c 4°. | ||
| 366 | |e 360 výt. | ||
| 490 | 1 | |a Učební texty vysokých škol | |
| 910 | |a svkkk | ||
| 998 | |a BK | ||
| 090 | |g SCKHL |k Sklad Pribinova 3. posch. |a V.6123 |j 90158 |i 2720873224 |s Prezenčne | ||
| 090 | |g SCKHL |k Sklad Pribinova 3. posch. |a V.6236 |j 86984 |i 140586-10 |s Vyradená | ||
| 090 | |g SCKHL |k Sklad Pribinova 3. posch. |a V.8580 |j 73516 |i 2720914586 |4 Duplikát |s Vyradená | ||